Statistiques concernant Top 15 des pays avec les décès de Covid-19 - 6 septembre

Cliquez ici pour prendre le quiz!

Statistiques générales

  • Ce quiz a été pris 13 fois
  • Le résultat moyen est 13 sur 19

Statistiques - réponses

pays% Correct
Espagne
100%
Etats-Unis
100%
France
100%
Italie
92%
Royaume-Uni
92%
Belgique
85%
Brésil
85%
Inde
85%
Mexique
77%
Russie
77%
Suède
77%
Colombie
62%
Équateur
54%
Iran
54%
Pérou
54%
Bolivie
46%
Chili
46%
Panama
31%
Afrique du Sud
23%

Distribution des résultats

Percentile par nombre de réponses

% des personnes avec chaque résultat

Votre développement - résultats

Vous n’avez pas pris ce quiz